00334nam a2200133Ia 450000500170000000800410001702000150005804000080007308200130008110000180009424500400011226000360015230000120018820190201114020.0190125s9999 xx 000 0 und d a0394896157 cDLC a560bPAR aParker, Steve aEye Witness Books: Pond and River / bAlfred A. KnopfaNew Yorkc1988 a63 p. :